000 00402nam a2200181Ia 4500
001 875
005 20260306140550.0
008 260306t1998||||xx |||||||||||||| ||spa||
041 _aESP
082 _a170.92
_bW77
100 _aWojtyla, Karol
_eAUT
245 0 _aMi visión del hombre
260 _c1998
300 _a367 páginas :
_c
650 _aGEN
654 _aCHU
942 _cLIB
_dJUS
_fJUS
_2ddc
_n
999 _c875
_d875